Phong cách nhàn đàm của Hoàng Phủ Ngọc Tường
Hoàng Phủ Ngọc Tường và thể loại nhàn đàm; Tính thời sự, chân xác và vẻ đẹp trí tuệ - trữ tình trong nhàn đàm của Hoàng Phủ Ngọc Tường; Sự kết hợp các phương thức nghệ thuật thể hiện trong nhàn đàm của Hoàng Phủ Ngọc Tường......
Wedi'i Gadw mewn:
| Prif Awdur: | |
|---|---|
| Awduron Eraill: | |
| Fformat: | Llyfr |
| Cyhoeddwyd: |
Đà Nẵng
Đại học Đà Nẵng
2012
|
| Pynciau: | |
| Tagiau: |
Ychwanegu Tag
Dim Tagiau, Byddwch y cyntaf i dagio'r cofnod hwn!
|
| Thư viện lưu trữ: | Mạng thư viện Đại học Đà Nẵng |
|---|
| LEADER | 01732nam a2200325 4500 | ||
|---|---|---|---|
| 001 | 000017738 | ||
| 003 | 14164 | ||
| 005 | 20130522140533.0 | ||
| 008 | 130522s2012 sd | ||
| 082 | |a 895.922834 |b VU-T | ||
| 100 | |a Vũ Trần Phương Thảo | ||
| 245 | |a Phong cách nhàn đàm của Hoàng Phủ Ngọc Tường |c Vũ Trần Phương Thảo ; Phan Ngọc Thu hướng dẫn. |k Luận văn Thạc sĩ | ||
| 260 | |a Đà Nẵng |b Đại học Đà Nẵng |c 2012 | ||
| 300 | |a 103 tr. |c 29 cm. |e Đĩa CD, tài liệu tóm tắt | ||
| 500 | |a Luận văn thạc sĩ Khoa học xã hội và nhân văn. Chuyên ngành : Văn học Việt Nam. Mã số: 60.22.34. | ||
| 520 | |a Hoàng Phủ Ngọc Tường và thể loại nhàn đàm; Tính thời sự, chân xác và vẻ đẹp trí tuệ - trữ tình trong nhàn đàm của Hoàng Phủ Ngọc Tường; Sự kết hợp các phương thức nghệ thuật thể hiện trong nhàn đàm của Hoàng Phủ Ngọc Tường... | ||
| 600 | 1 | 4 | |a Hoàng Phủ Ngọc Tường |d 1937- |
| 650 | 0 | 4 | |a Nhàn đàm |v Luận văn tốt nghiệp |x Nghiên cứu |
| 653 | |a Hoàng Phủ Ngọc Tường |a Nhàn đàm |a Văn học Việt Nam | ||
| 700 | |a Phan Ngọc Thu |c T.S |e Hướng dẫn | ||
| OWN | |a LSP | ||
| AVA | |a UDN50 |b LSP |d 895.922834 VU-T |e available |t Error 5001 Not defined in file expand_doc_bib_avail. |f 1 |g 0 |h N |i 0 |k 1 | ||
| 999 | |a From the UDN01 | ||
| AVA | |a UDN50 |b LSP |d 895.922834 VU-T |e available |t Error 5001 Not defined in file expand_doc_bib_avail. |f 1 |g 0 |h N |i 0 |k 1 | ||
| TYP | |a Monograph | ||
| TYP | |a Printed language | ||
| 980 | |a Mạng thư viện Đại học Đà Nẵng | ||